000 00447nam a22001337a 4500
008 170216b xxu||||| |||| 00| 0 eng d
050 _aBF385.T894
100 _aVictorTucker
_928888
245 _aImprove your memory study and reading skills creatively
_bBasic principles of learning
_cVictor Tucker
260 _aMumbai
_bBetter Yourself Books
_c1989
300 _a172p. ;
_c22cm.
650 _aLearning and memory
_928889
942 _2lcc
_cMONOGRAPH
999 _c126148
_d126148